| 000 | 00783cam a2200229 a 4500 | ||
|---|---|---|---|
| 001 | 000003398 | ||
| 005 | 20200929150429.0 | ||
| 008 | 780606s1974 sp b 000 0 spa | ||
| 020 | _a8437600154 | ||
| 040 |
_aDO-SdBNP _bspa _cBNPHU |
||
| 082 |
_a863.2 _bM868s |
||
| 100 | 1 |
_aMorón Arroyo, Ciriaco. _910589 |
|
| 245 | 1 | 0 |
_aSentido y forma de La Celestina. / _cCiriaco Morón Arroyo; prólogo, Otis H. Green. |
| 260 |
_aMadrid : _bCátedra, _c1974. |
||
| 300 |
_a126 p. ; _c21 cm. |
||
| 504 | _aIncluye refeencias bibliográficas : p. 125-126. | ||
| 600 | 1 | 0 |
_aROJAS, FERNANDO _d14..? - 1541. _tCELESTINA _910590 |
| 650 | 4 |
_aCelestina _xHistoria y crítica _910591 |
|
| 650 | 4 |
_aNovela española _91123 |
|
| 650 | 4 |
_aLiteratura española _9632 |
|
| 700 | 1 |
_aGreen, Otis H. _epról _910592 |
|
| 999 |
_c3228 _d3228 |
||